[Event "49th Capablanca Mem Open I 2014"]
[Site "Havana CUB"]
[Date "2014.05.12"]
[Round "5.49"]
[White "Zayas Gonzalez, Laura Amalia"]
[Black "Perera Alfonso, Rene Humberto"]
[Result "0-1"]
[WhiteTitle "WFM"]
[BlackTitle "FM"]
[WhiteElo "2065"]
[BlackElo "2302"]
[WhiteFideId "3517004"]
[BlackFideId "3514722"]
[EventDate "2014.04.08"]

1. e4 c5 2. Nf3 e6 3. d4 cxd4 4. Nxd4 Nc6 5. Nc3 Qc7 6. Be2 a6 7. O-O Nf6 8. Be3
Bb4 9. Na4 Rb8 10. Nxc6 bxc6 11. Bd3 d5 12. exd5 cxd5 13. c4 Bd6 14. h3 O-O 15.
cxd5 Nxd5 16. Bd4 f5 17. Rc1 Qe7 18. Re1 Bb7 19. Nc5 Nf4 20. Nxb7 Qxb7 21. Bf1
Rfd8 22. g3 Ng6 23. Qa4 f4 24. Qxa6 fxg3 25. Qxb7 Rxb7 26. Rxe6 Nf4 27. Rxd6
Rxd6 28. Be5 gxf2+ 29. Kh1 Rg6 30. Bxf4 Rxb2 31. Be5 Rb4 32. Kh2 h5 33. Rc2 Rg5
34. Bg3 Rf5 35. Bxf2 Rbf4 36. Kg1 g5 37. Be3 Rxf1+ 38. Kg2 Re1 39. Bf2 Re4 40.
Rd2 Kf7 41. Rc2 Ra4 42. Rc7+ Kg6 0-1

[Event "49th Capablanca Mem Open I 2014"]
[Site "Havana CUB"]
[Date "2014.05.12"]
[Round "5.52"]
[White "Feibert, Fred"]
[Black "Ginesta Caballero, Olga Lucia"]
[Result "1-0"]
[WhiteTitle "FM"]
[BlackTitle "WFM"]
[WhiteElo "2226"]
[BlackElo "2124"]
[WhiteFideId "4610750"]
[BlackFideId "3508234"]
[EventDate "2014.04.08"]

1. d4 Nf6 2. Nf3 e6 3. g3 b5 4. Bg2 Bb7 5. O-O c5 6. a4 b4 7. c3 cxd4 8. cxb4
Bxb4 9. Nxd4 Bxg2 10. Kxg2 O-O 11. Nc3 d5 12. Bf4 Qd7 13. Rc1 Na6 14. Ncb5 Rfc8
15. Qb3 Be7 16. Rxc8+ Rxc8 17. Rc1 Rxc1 18. Bxc1 Nc5 19. Qc2 a6 20. Nc3 e5 21.
Nf5 Bd8 22. Bg5 d4 23. Bxf6 Bxf6 24. Ne4 Nxa4 25. Nxf6+ gxf6 26. Qe4 h5 27. g4
Nb6 28. gxh5 1-0

[Event "49th Capablanca Mem Open I 2014"]
[Site "Havana CUB"]
[Date "2014.05.14"]
[Round "6.1"]
[White "Jimenez Fraga, Pedro Alejandro"]
[Black "Obregon Rivero, Juan Carlos"]
[Result "0-1"]
[WhiteTitle "IM"]
[BlackTitle "IM"]
[WhiteElo "2463"]
[BlackElo "2509"]
[WhiteFideId "3508188"]
[BlackFideId "3507815"]
[EventDate "2014.04.08"]

1. e4 c6 2. d4 d5 3. e5 Bf5 4. Nf3 e6 5. Be2 Ne7 6. O-O c5 7. dxc5 Nec6 8. a3
Bxc5 9. b4 Bb6 10. Bb2 Nd7 11. c4 dxc4 12. Nbd2 c3 13. Bxc3 O-O 14. Nc4 Bc7 15.
b5 Ne7 16. Bb4 Re8 17. Rc1 Nd5 18. Bd6 Bb6 19. Nd4 Be4 20. Qd2 Qh4 21. Nxb6 Nf4
22. Nxd7 Qh3 0-1

[Event "49th Capablanca Mem Open I 2014"]
[Site "Havana CUB"]
[Date "2014.05.14"]
[Round "6.4"]
[White "Gomez Garrido, Camilo Ernesto"]
[Black "Borges Feria, Yasel"]
[Result "1-0"]
[WhiteTitle "IM"]
[BlackTitle "FM"]
[WhiteElo "2499"]
[BlackElo "2427"]
[WhiteFideId "3507904"]
[BlackFideId "3504921"]
[EventDate "2014.04.08"]

1. e4 c5 2. Nf3 d6 3. d4 Nf6 4. Nc3 cxd4 5. Nxd4 a6 6. Be3 e5 7. Nb3 Be6 8. Qd2
Nbd7 9. O-O-O Rc8 10. f4 b5 11. f5 Bc4 12. Kb1 Be7 13. h3 Nb6 14. Bxb6 Qxb6 15.
g4 b4 16. Bxc4 Rxc4 17. Nd5 Nxd5 18. Qxd5 Rc6 19. Na5 Rc8 20. Nc4 Qc7 21. b3 O-O
22. h4 Qb8 23. g5 Rc5 24. Qd3 Rfc8 25. f6 Rxc4 26. bxc4 Bf8 27. fxg7 Kxg7 28.
Rhf1 a5 29. Rf3 a4 30. Rdf1 Rc7 31. h5 b3 32. cxb3 axb3 33. axb3 Rb7 34. Kb2 d5
35. g6 hxg6 36. hxg6 Qa8 37. Ra1 dxe4 38. Qd5 Qxa1+ 39. Kxa1 Ra7+ 40. Kb2 exf3
41. Qxf3 Kxg6 42. Qg2+ Kh7 43. Qh1+ Bh6 44. Qe4+ Kg8 45. c5 Bf8 46. b4 Rc7 47.
Qd5 e4 48. Qxe4 Bxc5 49. Qg4+ Kf8 50. bxc5 1-0

[Event "49th Capablanca Mem Open I 2014"]
[Site "Havana CUB"]
[Date "2014.05.14"]
[Round "6.5"]
[White "Zaragatski, Ilja"]
[Black "Soto Hernandez, Henry"]
[Result "1/2-1/2"]
[WhiteTitle "GM"]
[BlackTitle "FM"]
[WhiteElo "2480"]
[BlackElo "2421"]
[WhiteFideId "4655192"]
[BlackFideId "3507475"]
[EventDate "2014.04.08"]

1. Nf3 d5 2. g3 c6 3. Bg2 Bg4 4. c4 e6 5. O-O Nf6 6. d3 Be7 7. Be3 dxc4 8. dxc4
Qxd1 9. Rxd1 Nbd7 10. Nc3 h6 11. Nd2 O-O 12. Nb3 Nb6 13. Bc5 Bxc5 14. Nxc5 Nxc4
15. h3 Bh5 16. b3 Na5 17. b4 Nc4 18. g4 Bg6 19. Nxb7 1/2-1/2

[Event "49th Capablanca Mem Open I 2014"]
[Site "Havana CUB"]
[Date "2014.05.14"]
[Round "6.6"]
[White "Trent, Lawrence"]
[Black "Blanco Ronquillo, Humberto L."]
[Result "1/2-1/2"]
[WhiteTitle "IM"]
[BlackTitle "IM"]
[WhiteElo "2468"]
[BlackElo "2416"]
[WhiteFideId "408638"]
[BlackFideId "3504239"]
[EventDate "2014.04.08"]

1. b3 d5 2. Bb2 Bf5 3. e3 e6 4. Nf3 Nd7 5. Be2 h6 6. O-O Ngf6 7. c4 Bd6 8. d4 c6
9. Nbd2 Ne4 10. Nxe4 Bxe4 11. Ne5 O-O 12. Nxd7 Qxd7 13. f3 Bh7 14. Bd3 Bxd3 15.
Qxd3 f5 16. e4 fxe4 17. fxe4 Rxf1+ 18. Rxf1 Rf8 1/2-1/2

[Event "49th Capablanca Mem Open I 2014"]
[Site "Havana CUB"]
[Date "2014.05.14"]
[Round "6.7"]
[White "Diaz Murgada, Rider"]
[Black "Vera Gonzalez-Quevedo, Reynaldo"]
[Result "1-0"]
[WhiteTitle "FM"]
[BlackTitle "GM"]
[WhiteElo "2375"]
[BlackElo "2454"]
[WhiteFideId "3506703"]
[BlackFideId "3500055"]
[EventDate "2014.04.08"]

1. d4 d5 2. c4 e6 3. Nc3 c6 4. Nf3 Nf6 5. Bg5 dxc4 6. e4 b5 7. e5 h6 8. Bh4 g5
9. Nxg5 hxg5 10. Bxg5 Be7 11. exf6 Bxf6 12. Bxf6 Qxf6 13. g3 Na6 14. Bg2 Bb7 15.
Ne4 Qe7 16. O-O O-O-O 17. a4 f5 18. axb5 cxb5 19. Rxa6 Bxa6 20. Nc5 Qxc5 21.
dxc5 Rxd1 22. Rxd1 b4 23. Bf1 Kc7 24. h4 Bb5 25. Rc1 a5 26. Bxc4 Bxc4 27. Rxc4
Kc6 28. Kg2 Kb5 29. Rc1 Ka4 30. Ra1+ Kb3 31. Rxa5 Kxb2 32. Kf3 b3 33. Rb5 Kc2
34. Kf4 b2 35. Ke5 f4 36. Kxf4 Rf8+ 37. Ke5 Rxf2 38. Kxe6 Rf3 39. c6 Rc3 40. Kd7
Rd3+ 41. Ke7 Rc3 42. h5 Rxc6 43. g4 b1=Q 44. Rxb1 Kxb1 45. g5 Rc5 46. Kf6 Rc6+
47. Kg7 Rc5 48. Kh6 Kc2 49. g6 Kd3 50. g7 Rc8 51. Kh7 1-0

[Event "49th Capablanca Mem Open I 2014"]
[Site "Havana CUB"]
[Date "2014.05.14"]
[Round "6.8"]
[White "Delgado Ramos, Hector"]
[Black "Sanchez Enriquez, Oscar Gerardo"]
[Result "1/2-1/2"]
[WhiteTitle "IM"]
[BlackTitle "FM"]
[WhiteElo "2447"]
[BlackElo "2405"]
[WhiteFideId "3504824"]
[BlackFideId "5106311"]
[EventDate "2014.04.08"]

1. d4 Nf6 2. c4 g6 3. Nc3 d5 4. Bg5 Ne4 5. Bh4 Nxc3 6. bxc3 dxc4 7. e3 Be6 8.
Rb1 c5 9. Nf3 Qa5 10. Be2 Qxc3+ 11. Kf1 Bg7 12. Rxb7 O-O 13. Bxe7 Rc8 14. d5 Bf5
15. Ne1 Bf6 16. g4 Bd7 17. Bxf6 Qxf6 18. Bxc4 Qd6 19. Nd3 Nc6 20. Rxd7 Qxd7 21.
dxc6 Qxc6 22. f3 Re8 23. Kf2 Rad8 24. Re1 Qf6 25. Qc2 h5 26. gxh5 Qh4+ 27. Kf1
Qxh5 28. Qg2 Kg7 29. Qg3 Qf5 30. e4 Qf6 31. e5 Qf5 32. Re4 Rd4 33. Rxd4 cxd4 34.
Qg4 Qxg4 35. fxg4 g5 36. Kf2 Rh8 37. Kf3 Rxh2 38. Nf2 a5 39. a4 Kg6 40. Bd3+ Kg7
41. Bc4 Kg6 42. Bf1 Rh8 43. Ne4 Re8 44. Bd3 Rxe5 45. Ng3+ Kf6 46. Nf5 Ke6 47.
Bc4+ Kd7 48. Nxd4 f6 49. Bb5+ Kc7 50. Nc6 Rc5 1/2-1/2

[Event "49th Capablanca Mem Open I 2014"]
[Site "Havana CUB"]
[Date "2014.05.14"]
[Round "6.9"]
[White "Aguero Jimenez, Luis Lazaro"]
[Black "Miranda Mesa, Elier"]
[Result "1-0"]
[WhiteTitle "IM"]
[BlackTitle "FM"]
[WhiteElo "2416"]
[BlackElo "2439"]
[WhiteFideId "3508455"]
[BlackFideId "3510697"]
[EventDate "2014.04.08"]

1. e4 c5 2. Nf3 e6 3. d4 cxd4 4. Nxd4 a6 5. Bd3 Bc5 6. Nb3 Be7 7. Qg4 Bf6 8. Qg3
Nc6 9. N1d2 Ne5 10. O-O d6 11. f4 Nxd3 12. cxd3 Ne7 13. Nc4 b5 14. Ne3 g6 15. f5
exf5 16. exf5 Be5 17. Qf3 Bxf5 18. d4 Bg7 19. g4 Be6 20. d5 O-O 21. dxe6 fxe6
22. Qe4 Qd7 23. Rd1 Rac8 24. Nd4 e5 25. Ne2 Qe6 26. b3 Kh8 27. Ba3 Rcd8 28. Nd5
Nf5 29. gxf5 gxf5 30. Nd4 Qd7 31. Qf3 exd4 32. Bb2 Be5 33. Kh1 Qg7 34. Rd2 d3
35. Rb1 Rc8 36. Qxd3 Rg8 37. Bxe5 dxe5 38. Qxf5 Rcf8 39. Qe4 1-0

[Event "49th Capablanca Mem Open I 2014"]
[Site "Havana CUB"]
[Date "2014.05.14"]
[Round "6.10"]
[White "Garcia Pantoja, Roberto"]
[Black "Morales Romero, Pedro"]
[Result "1-0"]
[WhiteTitle "IM"]
[BlackTitle "IM"]
[WhiteElo "2438"]
[BlackElo "2327"]
[WhiteFideId "3509265"]
[BlackFideId "3503798"]
[EventDate "2014.04.08"]

1. e4 c5 2. Nf3 a6 3. c4 e6 4. d4 cxd4 5. Nxd4 Nf6 6. Nc3 Qc7 7. Be2 Bb4 8. O-O
Nc6 9. Nxc6 dxc6 10. Qc2 e5 11. Na4 Be7 12. Be3 c5 13. b4 b6 14. bxc5 bxc5 15.
Rab1 O-O 16. Nb6 Rb8 17. Nd5 Nxd5 18. cxd5 Bd7 19. Bxa6 Qa5 20. Bc4 Bd6 21. Bd2
Qa7 22. Bc3 f6 23. Rxb8 Rxb8 24. Rb1 Rxb1+ 25. Qxb1 Kf8 26. Qb3 h6 27. h4 h5 28.
Be2 Be8 29. g3 Ke7 30. Bb5 Bg6 31. Bd3 Be8 32. Kg2 Ba4 33. Qc4 Qd7 34. Be2 g6
35. Bd2 Kf7 36. Ba5 Kg7 37. Bb6 Qb7 38. Bxc5 Bb5 39. Qxb5 Qxb5 40. Bxb5 Bxc5 41.
Be8 Ba3 42. Kf3 f5 43. exf5 gxf5 44. Bxh5 e4+ 45. Ke2 Kf6 46. Be8 Ke5 47. Bf7 f4
48. gxf4+ Kxf4 49. h5 1-0

[Event "49th Capablanca Mem Open I 2014"]
[Site "Havana CUB"]
[Date "2014.05.14"]
[Round "6.12"]
[White "Obregon, Andres Carlos"]
[Black "Vigoa Apecheche, Yanira"]
[Result "1-0"]
[WhiteTitle "IM"]
[BlackTitle "WGM"]
[WhiteElo "2498"]
[BlackElo "2337"]
[WhiteFideId "111724"]
[BlackFideId "3507041"]
[EventDate "2014.04.08"]

1. e4 c5 2. Nf3 Nc6 3. d4 cxd4 4. Nxd4 Nf6 5. Nc3 e5 6. Ndb5 d6 7. Bg5 a6 8. Na3
Be6 9. Nc4 Rc8 10. Bxf6 gxf6 11. Bd3 Rg8 12. O-O Bg4 13. Be2 Bh3 14. Ne3 Nd4 15.
Kh1 Be6 16. Bd3 Bh6 17. Ncd5 Rg6 18. c3 Nc6 19. Qf3 Bf8 20. Rad1 Be7 21. Nf5 Bf8
22. b4 Bxd5 23. exd5 Nb8 24. c4 Rg5 25. Qh3 Nd7 26. Qxh7 Nb6 27. f4 Rg6 28. fxe5
dxe5 29. c5 Qxd5 30. Ne3 1-0

[Event "49th Capablanca Mem Open I 2014"]
[Site "Havana CUB"]
[Date "2014.05.14"]
[Round "6.11"]
[White "Nogueiras Santiago, Jesus"]
[Black "Ordunez Echarte, Dennys"]
[Result "1-0"]
[WhiteTitle "GM"]
[BlackTitle "FM"]
[WhiteElo "2497"]
[BlackElo "2341"]
[WhiteFideId "3500020"]
[BlackFideId "3512207"]
[EventDate "2014.04.08"]

1. Nf3 Nf6 2. g3 b6 3. Bg2 Bb7 4. O-O c5 5. c4 g6 6. b3 Bg7 7. Bb2 O-O 8. e3 d5
9. Qe2 Nc6 10. d4 cxd4 11. exd4 Rc8 12. Na3 a6 13. Rfd1 e6 14. Ne5 Qd6 15. Rac1
Nb4 16. Bc3 Rfd8 17. Qd2 Nc6 18. c5 bxc5 19. dxc5 Qb8 20. Nxc6 Bxc6 21. Qb2 Ne8
22. Nc2 d4 23. Bxd4 Bxg2 24. Kxg2 Rxc5 25. Bxg7 Nxg7 26. Ne3 Rxc1 27. Qxc1 Qa8+
28. Kg1 Rxd1+ 29. Qxd1 Nf5 30. Nxf5 exf5 31. b4 Qe4 32. Qd8+ Kg7 33. Qd2 h5 34.
h4 f4 35. gxf4 Qe6 36. Kh2 Qg4 37. Qc3+ f6 38. Qg3 Qxg3+ 39. Kxg3 Kf7 40. f5 1-0

[Event "49th Capablanca Mem Open I 2014"]
[Site "Havana CUB"]
[Date "2014.05.14"]
[Round "6.13"]
[White "Alonso Bouza, Julio Javier"]
[Black "Gonzalez Acosta, Bernal"]
[Result "0-1"]
[WhiteTitle "FM"]
[BlackTitle "IM"]
[WhiteElo "2327"]
[BlackElo "2482"]
[WhiteFideId "3508889"]
[BlackFideId "6500170"]
[EventDate "2014.04.08"]

1. e4 c5 2. Nf3 d6 3. d4 cxd4 4. Nxd4 Nf6 5. Nc3 g6 6. Be3 Bg7 7. f3 O-O 8. Qd2
Nc6 9. Bc4 Bd7 10. Bb3 Rc8 11. O-O-O Ne5 12. Kb1 a6 13. h4 h5 14. g4 hxg4 15. h5
Nxh5 16. Rdg1 Qa5 17. Bh6 Bf6 18. fxg4 Bxg4 19. Bg5 Nc4 20. Bxc4 Bxg5 21. Qg2
Nf6 22. Nd5 e6 23. e5 dxe5 24. Nxf6+ Bxf6 25. Qh2 Rfe8 26. Rf1 Bg7 27. Qh7+ Kf8
28. Rxf7+ Kxf7 29. Rf1+ Ke7 30. Nxe6 Rxc4 31. Nxg7 Rf4 32. Nxe8+ Kxe8 33. Qxg6+
Kd7 34. Rh1 Kc7 35. a3 Qd5 36. Re1 Rd4 37. c4 Rxc4 38. Qg7+ Kc6 39. Qf6+ Qd6 40.
Qxe5 Qxe5 41. Rxe5 Kd6 42. Rg5 Be6 43. Rg1 a5 44. Rg3 a4 45. Rg5 Bd5 46. Rg1 Rh4
47. Kc2 Rh2+ 48. Kc3 Kc5 49. Rg4 Rh3+ 50. Kd2 Rh2+ 51. Kc3 Bb3 52. Rg5+ Kb6 53.
Rg6+ Ka5 54. Rg5+ b5 55. Rg7 Rc2+ 56. Kd4 Rxb2 57. Ra7+ Kb6 58. Rg7 Rc2 0-1

[Event "49th Capablanca Mem Open I 2014"]
[Site "Havana CUB"]
[Date "2014.05.14"]
[Round "6.14"]
[White "Baerwinkel, Tobias"]
[Black "Abreu Delgado, Aryam"]
[Result "1-0"]
[BlackTitle "GM"]
[WhiteElo "2322"]
[BlackElo "2464"]
[WhiteFideId "4637429"]
[BlackFideId "3502589"]
[EventDate "2014.04.08"]

1. Nf3 c5 2. b3 d5 3. e3 a6 4. c4 d4 5. exd4 cxd4 6. g3 Nc6 7. Bg2 g6 8. d3 Bg7
9. O-O Nf6 10. Na3 O-O 11. Re1 Re8 12. Ne5 Nxe5 13. Rxe5 Nd7 14. Re1 Ne5 15. h3
Qa5 16. Nc2 Bf5 17. Bf1 Rad8 18. Bf4 Nc6 19. g4 Bc8 20. Bg2 e5 21. Bg5 f6 22.
Bd2 Qc7 23. a4 a5 24. Rb1 Bd7 25. Na3 Bf8 26. Nb5 Qb6 27. Qf3 Be7 28. Qd5+ Kg7
29. Qf3 Bc8 30. Qg3 Bb4 31. Rbd1 Rd7 32. g5 Rf7 33. gxf6+ Rxf6 34. Bxb4 axb4 35.
Re2 Qd8 36. Rde1 Ref8 37. c5 Rf5 38. h4 Rf4 39. Re4 Rxf2 40. Nd6 R2f4 41. Qg5
Qd7 42. Rxe5 Nxe5 43. Qxe5+ R4f6 44. Ne8+ Rxe8 45. Qxe8 Qf5 46. Qe7+ Rf7 47.
Qe5+ Kh6 48. Qxd4 1-0

[Event "49th Capablanca Mem Open I 2014"]
[Site "Havana CUB"]
[Date "2014.05.14"]
[Round "6.15"]
[White "Espinosa Veloz, Ermes"]
[Black "Calvo Quinteiro, Jose Manuel"]
[Result "1/2-1/2"]
[WhiteTitle "FM"]
[BlackTitle "FM"]
[WhiteElo "2458"]
[BlackElo "2308"]
[WhiteFideId "3507424"]
[BlackFideId "3505154"]
[EventDate "2014.04.08"]

1. e4 e6 2. d4 d5 3. Nd2 c5 4. Ngf3 Nf6 5. exd5 Qxd5 6. Bc4 Qd6 7. dxc5 Qxc5 8.
O-O Bd6 9. Qe2 O-O 10. Ne4 Nxe4 11. Qxe4 Nd7 12. Rd1 Nf6 13. Qh4 Be7 14. Be3 Qc7
15. Bd3 e5 16. Re1 h6 17. Bxh6 e4 18. Qg5 Ne8 19. Qf4 1/2-1/2

[Event "49th Capablanca Mem Open I 2014"]
[Site "Havana CUB"]
[Date "2014.05.14"]
[Round "6.16"]
[White "Arribas Robaina, Maritza"]
[Black "Ortega Amarelle, Mariano"]
[Result "1/2-1/2"]
[WhiteTitle "WGM"]
[BlackTitle "IM"]
[WhiteElo "2318"]
[BlackElo "2457"]
[WhiteFideId "3501418"]
[BlackFideId "3504301"]
[EventDate "2014.04.08"]

1. e4 c5 2. Nf3 e6 3. Nc3 Nc6 4. Bb5 Nge7 5. O-O a6 6. Bxc6 Nxc6 7. d3 Be7 8.
Bf4 d5 9. h3 d4 10. Ne2 g5 11. Bh2 h5 12. Nd2 g4 13. f4 f5 14. hxg4 hxg4 15. Bg3
b5 16. a4 Bb7 17. axb5 axb5 18. Rxa8 Bxa8 19. Qa1 Bb7 20. Qa2 Qd7 21. Nc1 Nb4
22. Qa7 Kf7 23. Ncb3 Bc6 24. Qb6 Qd8 25. Qa7 Qb8 26. Ra1 Nxc2 27. Qxb8 Rxb8 28.
Rc1 Nb4 29. Nxc5 Rc8 30. Ndb3 Ba8 31. Be1 Nc6 32. Nd7 Rd8 33. Nb6 Bb7 34. exf5
exf5 35. Nc5 Bc8 36. Nxc8 Rxc8 37. Nb3 1/2-1/2

[Event "49th Capablanca Mem Open I 2014"]
[Site "Havana CUB"]
[Date "2014.05.14"]
[Round "6.17"]
[White "Quesada Vera, Liordis"]
[Black "Vitier Vazquez, Cristian"]
[Result "1/2-1/2"]
[WhiteTitle "FM"]
[BlackTitle "FM"]
[WhiteElo "2440"]
[BlackElo "2288"]
[WhiteFideId "3507009"]
[BlackFideId "3513157"]
[EventDate "2014.04.08"]

1. c4 Nf6 2. g3 g6 3. Bg2 d5 4. cxd5 Nxd5 5. Nc3 Be6 6. Nf3 Nxc3 7. bxc3 Bg7 8.
Nd4 Bc8 9. h4 c5 10. Nb3 Qc7 11. h5 Bd7 12. Ba3 Bc6 13. e4 b6 14. d4 Nd7 15. Rc1
Bb7 16. Qe2 e6 17. Qe3 Rc8 18. Bb2 Ba8 19. Nd2 b5 20. Bf3 Qd8 21. Nb3 cxd4 22.
cxd4 Rxc1+ 23. Qxc1 O-O 24. Ba3 Re8 25. hxg6 fxg6 26. Bd6 a5 27. Qe3 Nb6 28. Bc5
Nc4 29. Qc3 Qc8 30. a4 bxa4 31. Qxc4 axb3 32. Qxb3 Qa6 33. Be2 Qb7 34. Qxb7 Bxb7
35. f3 Rd8 36. Bb6 Rd6 37. Bc5 Rd8 38. Bc4 Bxd4 39. Bxe6+ Kg7 40. Bxd4+ Rxd4 41.
Kf2 Rd6 42. Bc4 Rc6 43. Rb1 Rxc4 44. Rxb7+ Kg8 45. e5 g5 46. Ke3 h5 47. Ra7 a4
48. f4 h4 49. e6 gxf4+ 50. gxf4 Kf8 51. f5 Rc1 52. Kd4 h3 53. f6 Rd1+ 54. Kc3
Rc1+ 55. Kd2 Rc8 56. Rxa4 1/2-1/2

[Event "49th Capablanca Mem Open I 2014"]
[Site "Havana CUB"]
[Date "2014.05.14"]
[Round "6.18"]
[White "Corrales Jimenez, Zenia"]
[Black "Fargere, Francois"]
[Result "0-1"]
[WhiteTitle "WIM"]
[BlackTitle "GM"]
[WhiteElo "2178"]
[BlackElo "2407"]
[WhiteFideId "3506355"]
[BlackFideId "615935"]
[EventDate "2014.04.08"]

1. e4 e6 2. d4 d5 3. exd5 exd5 4. Bd3 Nc6 5. c3 Bd6 6. Nf3 Bg4 7. O-O Nge7 8.
Re1 Qd7 9. Nbd2 f6 10. h3 Bh5 11. Qe2 O-O-O 12. Qe6 Qxe6 13. Rxe6 Kd7 14. Re1 g5
15. Nh2 Bg6 16. Bxg6 Nxg6 17. Ng4 Rhf8 18. Nh6 Rde8 19. Rxe8 Rxe8 20. g3 Bf8 21.
Ng4 Bg7 22. Ne3 Nce7 23. Nf3 h6 24. Bd2 f5 25. Re1 Rf8 26. Nc2 Nc6 27. Kg2 f4
28. Na1 b6 29. Nb3 fxg3 30. fxg3 Re8 31. Rxe8 Kxe8 32. Nh2 Kf7 33. Kf3 Nf8 34.
Be3 Nd7 35. h4 gxh4 36. gxh4 Ne7 37. Ng4 h5 38. Nh2 Nf5 39. Kf4 Kf6 40. Bf2 Nf8
41. Bg3 Ng6+ 42. Kf3 Ngxh4+ 43. Kf2 Nxg3 44. Kxg3 Nf5+ 45. Kf3 Bh6 46. Nf1 Nh4+
47. Kf2 Kf5 48. Nbd2 Bxd2 49. Nxd2 Kf4 50. b3 Nf5 51. Nf3 Nd6 52. Ke2 Ne4 53. c4
Nc3+ 54. Kf2 Nxa2 55. c5 bxc5 56. dxc5 Nc1 57. Nd4 Nd3+ 58. Kg2 Nxc5 59. b4 Ke4
60. Nc6 Ne6 61. Nxa7 d4 62. Nb5 d3 63. Nc3+ Kd4 64. Nd1 d2 0-1

[Event "49th Capablanca Mem Open I 2014"]
[Site "Havana CUB"]
[Date "2014.05.14"]
[Round "6.19"]
[White "Pina Vega, Sulennis"]
[Black "Ruiz C, Joshua D"]
[Result "1-0"]
[WhiteTitle "WGM"]
[BlackTitle "IM"]
[WhiteElo "2313"]
[BlackElo "2362"]
[WhiteFideId "3503151"]
[BlackFideId "4400704"]
[EventDate "2014.04.08"]

1. e4 c5 2. Nc3 g6 3. Nge2 Bg7 4. g3 Nc6 5. Bg2 e6 6. O-O Nge7 7. d3 O-O 8. f4
d5 9. f5 exf5 10. Nxd5 h6 11. Be3 Qd6 12. Nec3 Nxd5 13. Nxd5 Kh7 14. c3 Be6 15.
Qd2 Rad8 16. Rae1 Ne5 17. b3 b5 18. Re2 a5 19. c4 bxc4 20. dxc4 fxe4 21. Bxe4
Bg4 22. Ref2 f5 23. Bg2 Nc6 24. Kh1 a4 25. bxa4 Rfe8 26. Rb1 Rb8 27. Rb5 Bd4 28.
Bxd4 cxd4 29. h3 Bh5 30. c5 Qe6 31. Nf4 Qd7 32. Kh2 Ne5 33. c6 Nxc6 34. Nxh5
gxh5 35. Rbxf5 Ne5 36. Rf6 Qg7 37. Be4+ Kg8 38. Rxh6 Ng4+ 39. hxg4 Rxe4 40. gxh5
Rg4 41. Rff6 Qd7 42. Rhg6+ Rxg6 43. Rxg6+ Kh8 44. Rh6+ Kg8 45. Qg5+ Qg7 46. Rg6 1-0

[Event "49th Capablanca Mem Open I 2014"]
[Site "Havana CUB"]
[Date "2014.05.14"]
[Round "6.20"]
[White "Gomez Fontal, Felix Manuel"]
[Black "Fuentes Dominguez, Felix"]
[Result "1-0"]
[WhiteTitle "IM"]
[BlackTitle "FM"]
[WhiteElo "2353"]
[BlackElo "2297"]
[WhiteFideId "3500357"]
[BlackFideId "3504158"]
[EventDate "2014.04.08"]

1. d4 Nf6 2. Nf3 g6 3. c4 Bg7 4. Nc3 c5 5. d5 O-O 6. e4 e6 7. Bd3 exd5 8. cxd5
d6 9. h3 Re8 10. O-O c4 11. Bxc4 Nxe4 12. Nxe4 Rxe4 13. Bg5 Qb6 14. Nd2 Re8 15.
Re1 Rxe1+ 16. Qxe1 Bd7 17. Qe7 Bf8 18. Qe2 f5 19. Nf3 Na6 20. Be3 Nc5 21. Ng5
Re8 22. Ne6 Bxe6 23. dxe6 Kh8 24. e7 Bg7 25. Bxc5 1-0

[Event "49th Capablanca Mem Open I 2014"]
[Site "Havana CUB"]
[Date "2014.05.14"]
[Round "6.21"]
[White "Barros Rivadeneira, Cristhian"]
[Black "Hernandez Marquez, Noel"]
[Result "1/2-1/2"]
[WhiteTitle "IM"]
[BlackTitle "FM"]
[WhiteElo "2273"]
[BlackElo "2353"]
[WhiteFideId "3609677"]
[BlackFideId "3506991"]
[EventDate "2014.04.08"]

1. c4 e5 2. g3 Nc6 3. Bg2 Bc5 4. Nc3 d6 5. e3 Bf5 6. d3 Nge7 7. Nge2 a6 8. a3
Ba7 9. b4 Qd7 10. h3 h6 11. Bb2 O-O 12. Rc1 Rae8 13. Nd5 Nxd5 14. cxd5 Ne7 15.
d4 f6 16. O-O Bxh3 17. Bxh3 Qxh3 18. Rxc7 Bb8 19. Rxb7 Qc8 20. Rb6 Bc7 21. Rc6
Nxc6 22. dxc6 Bb6 23. Qb3+ Kh8 24. Qd5 Qf5 25. Rc1 Bc7 26. Rc3 Rb8 27. Qc4 a5
28. Rc1 Qf3 29. Nc3 exd4 30. Nd5 dxe3 31. Nxe3 Rfe8 32. Bd4 d5 33. Nxd5 Bxg3 34.
Be3 Re4 35. c7 Rc8 36. Qa6 Rce8 37. c8=Q Bxf2+ 38. Bxf2 Rg4+ 39. Qxg4 Qxg4+ 40.
Kf1 Qh3+ 41. Kg1 Qg4+ 42. Kf1 Qf3 43. Qd6 Qh1+ 44. Bg1 Qh3+ 45. Kf2 Qh4+ 46. Kf1
Qh3+ 47. Kf2 Qf5+ 48. Kg3 Qg5+ 49. Kf3 Qh5+ 50. Kg3 1/2-1/2

[Event "49th Capablanca Mem Open I 2014"]
[Site "Havana CUB"]
[Date "2014.05.14"]
[Round "6.22"]
[White "Alvarez Pedraza, Aramis"]
[Black "Gomez Sanchez, Jorge Marcos"]
[Result "1-0"]
[WhiteTitle "GM"]
[WhiteElo "2486"]
[BlackElo "2248"]
[WhiteFideId "3507408"]
[BlackFideId "3506649"]
[EventDate "2014.04.08"]

1. d4 Nf6 2. c4 c5 3. d5 e5 4. Nc3 d6 5. g3 g6 6. e4 Bg7 7. Bg2 O-O 8. Nge2 Nh5
9. O-O f5 10. exf5 gxf5 11. f4 e4 12. Be3 Nf6 13. h3 h5 14. Kh2 a5 15. Nb5 Na6
16. a3 Nc7 17. Nec3 b6 18. Rg1 Ba6 19. Bf1 Nxb5 20. cxb5 Bc8 21. Na4 Rb8 22. b4
axb4 23. axb4 Bb7 24. Bc4 Ra8 25. Ra2 Kh7 26. Kh1 Rh8 27. Rgg2 Kg8 28. Kg1 Kf8
29. bxc5 bxc5 30. b6 Nd7 31. Qb3 Ra5 32. Bb5 Kf7 33. Bc6 Qc8 34. Kh2 Kg6 35. Nc3
Rxa2 36. Rxa2 Bd4 37. Nb5 Bxc6 38. dxc6 Qxc6 39. Nxd4 cxd4 40. Qe6+ Nf6 41. Bxd4
Rf8 42. Bxf6 Qe8 43. Be7+ Kh7 44. Ra7 1-0